Guia pedagògica de Sant Miquel del Fai : itinerari naturalístic pel recinte de l'Espai Natural : itinerari de l'alumne per ensenyament primari amb informació per a l'educador / itinerari naturalístic pel recinte de l'Espai Natural : itinerari de l'alumne per ensenyament primari amb informació per a l'educador /
MARC
| LEADER | 00000nam a2200000 a 4500 | ||
|---|---|---|---|
| 001 | 25061 | ||
| 003 | Arxiu | ||
| 005 | 20260324180723.0 | ||
| 008 | 080320s1994 spc|||||| 000 ||cat | ||
| 015 | |a LL2008 |2 bnc | ||
| 017 | |a DL B. 4703-1998 |b Biblioteca de Catalunya | ||
| 035 | |a (ES-BaCBU)b39659021-34csuc_network | ||
| 035 | |a (ES-BaCBU).b39659021 | ||
| 035 | |a (ccuc001)b39659021 | ||
| 040 | |a ES-BaBC |b cat |c ES-BaBC | ||
| 080 | |a 502.45(467.1 VaOr) | ||
| 100 | 1 | |a Luna, Gonçal |9 456 | |
| 245 | 1 | 0 | |a Guia pedagògica de Sant Miquel del Fai : |b itinerari naturalístic pel recinte de l'Espai Natural : itinerari de l'alumne per ensenyament primari amb informació per a l'educador / |c [realització: Gonçal Luna, Helena Ullastres, Agnès Perelló] |
| 260 | |a Barcelona : |b Escola de Natura Sant Miquel del Fai, |c DL 1998 | ||
| 300 | |a 52 p. : |b il. ; |c 30 cm | ||
| 651 | 7 | |a Espai Natural de Sant Miquel del Fai (Catalunya) |2 lemac | |
| 700 | 1 | |a Ullastres, Helena |9 17798 | |
| 907 | |a .b39659021 |b 16-02-21 |c 13-05-08 |d 07-05-08 |e m |f a |g - |h cat |i spc |j 0 |k 1 | ||
| 908 | |a BC | ||
| 940 | |a BC | ||
| 942 | |c ARXIU |n 1 | ||
| 952 | |0 0 |1 0 |4 0 |6 BIB356 |7 1 |9 60875 |a Arxiu |b Arxiu |d 2021-11-29 |l 0 |o Bib-356 |p 25061 |r 2021-11-29 00:00:00 |w 2021-11-29 |y ARXIU | ||
| 999 | |c 81000 |d 81000 | ||